Normal view
MARC view
- Ghosh, J B
Entry Personal Name
001 - CONTROL NUMBER
- control field: 6187
003 - CONTROL NUMBER IDENTIFIER
- control field: OSt
005 - DATE AND TIME OF LATEST TRANSACTION
- control field: 20180212142806.0
008 - FIXED-LENGTH DATA ELEMENTS
- fixed length control field: 180212|| aca||aabn | a|a d
040 ## - CATALOGING SOURCE
- Original cataloging agency: OSt
- Transcribing agency: OSt
100 ## - HEADING--PERSONAL NAME
- Personal name: Ghosh, J B
670 ## - SOURCE DATA FOUND
- Source citation: Work cat.: (OSt): Ghosh, J B, Hands on Mathematics class VII, 2013